Las pelirrojas traen mala suerte / (Registro nro. 10833)

Detalles MARC
000 -LIDER
fixed length control field 01405nam a22002777a 4500
001 - NÚMERO DE CONTROL
Identificador de número de control 00770
003 - IDENTIFICACDOR DE NÚMERO DE CONTROL
control field DO-SdBPM
005 - DATE AND TIME OF LATEST TRANSACTION
control field 20241203102759.0
007 - CAMPOS FIJOS DE DESCRIPCIÓN FÍSICA
fixed length control field 00770
008 - ELEMENTOS DE LONGITUD FIJA
fixed length control field 160712b2009 mx || 00| 0 spa d
020 ## - ISBN
International Standard Book Number 9789681913908
040 ## - FUENTE DE CATALOGACIÓN
Agencia que crea de manera original el registro DO-SdBPM
Idioma de catalogación spa
Agencia que realiza la transcripción BPMSU
082 #4 - NÚMERO DE CLASIFICACIÓN DECIMAL DE DEWEY
Classification number 863.6
Item number A454p 2009
Edition number 22
100 1# - ASIENTO PRINCIPAL -- NOMBRE PERSONAL
Nombre personal L. Alonso, Manuel
245 14 - MENCIÓN DE TITULO
Título Las pelirrojas traen mala suerte /
Mención de responsabilidad Manuel L. Alonso
260 ## - PUBLICACIÓN, DISTRIBUCIÓN, ETC. (PIE DE IMPRENTA)
Lugar de publicación, distribución, etc México :
Nombre del editor, distribuidor, etc. Santillana Ediciones Generales,
Fecha de publicación, distribución, etc 2005.
300 ## - DESCRIPCIÓN FÍSICA
Extensión 162 p. ;
Dimensiones 22 cm.
490 0# - MENCIÓN DE SERIES
Mención de serie Alfaguara ;
-- Roja
490 1# - MENCIÓN DE SERIES
Mención de serie Roja
505 0# - NOTA DE CONTENIDO
Texto normalizado de contenido Mi nombre no importa página, 9 / Mis padres no eran peores que otros, 14 / ¡Necesitamos pelas! 21 / Dos cosas, una buena y mala, 28 / No han pasado muchos años, 35 / Por la mañana, fuimos paseando, 45 / Salimos de Granada haciendo auto-stop, 55 / Cada paso que dábamos, 64 / Tomando el relevo de las arañas, 70 / Nos fuimos esa misma noche, 84 / De vuelta en Granada, 95 / Nos llevaron a un hotel, 104 / La otra ocupante de la habitación, 115 / Fue una sensación extraña, 122 / Yo no podía apartar la vista de la pistola, 130 / Teniendo en cuenta las circunstancias, 138 / Como escenario para un crimen, 145 / De nuevo estaba solo, 159.
590 ## - NOTA LOCAL
Texto de la nota local Inventariado, 2024/VM
650 #4 - ENCABEZAMIENTO DE MATERIA--TEMÁTICO
Término temático o nombre geográfico como elemento de entrada Novela juvenil española
650 #4 - ENCABEZAMIENTO DE MATERIA--TEMÁTICO
Término temático o nombre geográfico como elemento de entrada Literatura española
910 ## - VALIDACIÓN
Validación VMateo V. Control de calidad. BPMSU
942 ## - ADDED ENTRY ELEMENTS (KOHA)
Source of classification or shelving scheme Dewey Decimal Classification
Koha item type Libros
Existencias
Withdrawn status Lost status Source of classification or shelving scheme Damaged status Not for loan Collection code Home library Current library Date acquired Source of acquisition Total Checkouts Full call number Barcode Date last seen Price effective from Koha item type Copy number
    Dewey Decimal Classification     Colección General Biblioteca Pública Metropolitana Salomé Ureña Biblioteca Pública Metropolitana Salomé Ureña 07/12/2016 Santillana   BPMSU CG 863.6 A454p 2009 BPMSU16070400 07/12/2016 07/12/2016 Libros  
    Dewey Decimal Classification     Colección General Biblioteca Pública Metropolitana Salomé Ureña Biblioteca Pública Metropolitana Salomé Ureña 07/12/2016 Santillana   BPMSU CG 863.6 A454p 2009 BPMSU16070401 07/12/2016 07/12/2016 Libros e.2
    Dewey Decimal Classification     Colección General Biblioteca Pública Metropolitana Salomé Ureña Biblioteca Pública Metropolitana Salomé Ureña 07/12/2016 Santillana   BPMSU CG 863.6 A454p 2009 BPMSU16070402 07/12/2016 07/12/2016 Libros e.3